00357nam a22001217a 450000500170000000800410001708200200005824500660007826000580014430000120020265000080021465000130022220240313012010.0240313b |||||||| |||| 00| 0 eng d 222a323.4bINT. aInternational bill of Human rights :cAmnesty international . aColombo :bAmnesty international publications /c1978 a50 p.,  aSex aLanguage